000 06844cam a22020174i 4500
003 PE-LiUPU
005 20250813165735.0
008 150706s2008 mx a rb 000 0 spa d
020 _a9701065476
020 _a9789701065471
035 _a(Sirsi) i9789701065471
040 _aPE-LiUPU
_bspa
_cPE-LiUPU
_dPE-LiUPU
_erda
049 _aPRUA
082 0 4 _a610.73
_bD86
_221
100 1 _aDoenges, Marilynn E.,
_eautor.
245 1 0 _aPlanes de cuidados de enfermería /
_cMarilynn E. Doenges, Mary Frances Moorhouse, Alice C. Murr.
250 _aSeptima edición.
264 1 _aMéxico :
_bMcGraw - Hill Interamericana,
_c2008.
300 _a988 páginas :
_bilustraciones ;
_c28 centímetros
336 _atext
_2rdacontent
337 _aunmediated
_2rdamedia
338 _avolume
_2rdacarrier
504 _aIncluye bibliografía.
505 0 _aProblemas y tendencias de la enfermería medico quirúrgica -- El proceso de enfermería: planificación de los cuidados empleando diagnósticos de enfermería -- Pensamiento crítico: adaptación de la teoría a la práctica -- Cardiovascular -- Respiratorio -- Trastornos neurológicos / sensoriales -- Trastornos gastrointestinales -- Trastornos metabólicos y endocrinos -- Enfermedades hematológicas y de los órganos hematopoyéticos -- Aparato urinario -- Aparato reproductor femenino -- Problemas ortopédicos -- Trastornos tegumentarios -- Infecciones sistémicas y trastornos inmunitarios -- General -- Índice de diagnósticos de enfermería.
526 _aP203
526 _aP200
526 _aSEG65
526 _aSEG64
526 _aSEG63
526 _aSEG62
526 _aSEG61
526 _aSEG60
526 _aSEG59
526 _aSEG58
526 _aSEG57
526 _aSEG56
526 _aSEG55
526 _aSEG54
526 _aSEG53
526 _aSEG52
526 _aSEG51
526 _aSEG50
526 _aSEG49
526 _aSEG48
526 _aSEG47
526 _aSEG46
526 _aSEG24
526 _aSEG23
526 _aSEG22
526 _aSEG21
526 _aSEG20
526 _aSEG19
526 _aSEG18
526 _aSEG17
526 _aSEG16
526 _aSEG14
526 _aSEG13
526 _aSEG12
526 _aSEG11
526 _aSEG10
526 _aSEG09
526 _aSEG06
526 _aSEG05
526 _aSEG04
526 _aSEG03
526 _aSEG02
526 _aSEG68
526 _aSEG66
526 _aSEG45
526 _aSEG25
526 _aSEG01
526 _aP163
526 _aP162
526 _aP161
526 _aP160
526 _aP159
526 _aP158
526 _aP157
526 _aP156
526 _aP155
526 _aP154
526 _aP153
526 _aP152
526 _aP151
526 _aP150
526 _aP149
526 _aP142
526 _aP141
526 _aP140
526 _aP139
526 _aP138
526 _aP137
526 _aP132
526 _aP131
526 _aP130
526 _aP126
526 _aP125
526 _aP124
526 _aP123
526 _aP115
526 _aP122
526 _aP121
526 _aP116
526 _a P114
526 _aP112
526 _aP111
526 _aP104
526 _aP103
526 _aP102
526 _aP101
526 _aP100
526 _aP96
526 _aP95
526 _aP93
526 _aP92
526 _aP91
526 _aP88
526 _aP83
526 _aP82
526 _aP79
526 _aP78
526 _aP75
526 _aP74
526 _aP71
526 _aP69
526 _a P51
526 _aP49
526 _aP48
526 _aP47
526 _aP33
526 _aP31
526 _a P30
526 _aP29
526 _aP27
526 _aP26
526 _aP25
526 _aP24
526 _a P22
526 _aP10
526 _aP09
526 _a P08
526 _aP06
526 _aP05
526 _aP04
526 _aP01
541 _g015-0010421;
541 _g015-0011192;
650 0 4 _aEnfermería
_xPlanes.
650 0 4 _aPaciente, Cuidado del
_xPlaneación.
650 0 4 _aProcesos de enfermería.
700 1 _aMoorhouse, Mary Frances,
_eautor.
700 1 _aMurr, Alice C.,
_eautor.
910 _aemss
_d20160908
910 _blch
_clch
_d20090609
942 _2ddc
_cBOOK
949 _a610.73 D86
_wDEWEY
_c1
_i59727
_d2016-11-22
_e2016-11-20
_f2017-2-16
_g1
_lCCODEBUL1
_mBUL
_n11
_p96.00
_r0
_sY
_tBOOK
_u2015-7-6
_xSALUD
_PP22
_0COMPRA
_o.STAFF. Colección Ciencias de la Salud
949 _a610.73 D86 2008
_wDEWEY
_c1
_iFJ01967
_p96.00
_r0
_sY
_tBOOK
_u2016-9-8
_xSALUD
_PP22
_0COMPRA
_o.STAFF. Colección General Juliaca
949 _a610.73 D86
_wDEWEY
_c2
_i61157
_d2017-6-30
_e2017-6-27
_f2017-2-16
_g1
_lCCODEBUL1
_mBUL
_n31
_p103.00
_r0
_sY
_tBOOK
_u2015-7-30
_xSALUD
_PP22
_0COMPRA
_o.STAFF. Colección Ciencias de la Salud
949 _a610.73 D86
_wDEWEY
_c3
_i70303
_lCCODEBUL1
_mBUL
_p125.00
_r0
_sY
_tBOOK
_u2015-7-30
_xSALUD
_PP22
_0COMPRA
_o.STAFF. Colección Ciencias de la Salud
949 _a610.73 D86
_wDEWEY
_c4
_i70304
_d2016-10-19
_e2016-10-19
_kMISSING
_lCCODEBUL1
_mBUL
_n47
_p125.00
_rM
_sY
_tBOOK
_u2015-7-30
_xSALUD
_PP22
_0COMPRA
_o.STAFF. Colección Ciencias de la Salud
949 _a610.73 D86
_wDEWEY
_c5
_i70305
_d2017-8-22
_e2017-8-22
_f2017-2-16
_g1
_lCCODEBUL1
_mBUL
_n16
_p125.00
_r0
_sY
_tBOOK
_u2015-7-30
_xSALUD
_PP22
_0COMPRA
_o.STAFF. Colección Ciencias de la Salud
994 _aC0
_bPEPRU
596 _a1 3
999 _a610.73 D86
_wDEWEY
_c49270
_i59727
_d49270
_e2019-9-30
_f2019-2-21
_g3
_lDISCARD
_mBUL
_n41
_p96.00
_q15
_r0
_sY
_tBOOK
_u2015-7-6
_xSALUD
_PP22
_0COMPRA
_o.STAFF. Colección Ciencias de la Salud
999 _a610.73 D86
_wDEWEY
_c2
_i61157
_d2022-7-8
_e2022-6-22
_f2021-11-3
_g4
_lCCODEBUL1
_mBUL
_n71
_p103.00
_q26
_r0
_sY
_tBOOK
_u2015-7-30
_xSALUD
_zP22
_0COMPRA
_o.STAFF. Colección Ciencias de la Salud
999 _a610.73 D86
_wDEWEY
_c3
_i70303
_lLOST
_mBUL
_p125.00
_r1
_sN
_tBOOK
_u2015-7-30
_xSALUD
_PP22
_0COMPRA
_o.STAFF. Colección Ciencias de la Salud
999 _a610.73 D86
_wDEWEY
_c4
_i70304
_d2016-10-19
_e2016-10-19
_kMISSING
_lLOST
_mBUL
_n47
_p125.00
_rM
_sN
_tBOOK
_u2015-7-30
_xSALUD
_PP22
_0COMPRA
_o.STAFF. Colección Ciencias de la Salud
999 _a610.73 D86
_wDEWEY
_c5
_i70305
_d2017-11-3
_e2017-10-31
_f2017-2-16
_g1
_lLOST
_mBUL
_n25
_p125.00
_r1
_sY
_tBOOK
_u2015-7-30
_xSALUD
_PP22
_0COMPRA
_o.STAFF. Colección Ciencias de la Salud
999 _a610.73 D86
_wDEWEY
_c1
_iFJ01967
_d2019-8-26
_e2019-8-6
_f2022-1-25
_g4
_lCCODEBUJ1
_mBUJ
_n33
_p96.00
_q40
_r0
_sY
_tBOOK
_u2016-9-8
_xSALUD
_PP22
_0COMPRA
_o.STAFF. Colección General Juliaca
980 _81
_gALBERTO SANCHEZ Responsable de Automatización